Camoens : (Record no. 167458)

MARC details
000 -LEADER
campo de control de longitud fija 01083nam a2200253 i 4500
001 - NÚMERO DE CONTROL
campo de control 167458
003 - IDENTIFICADOR DE NÚMERO DE CONTROL
campo de control ES-MaACL
005 - FECHA Y HORA DE LA ÚLTIMA TRANSACCIÓN
campo de control 20250818173601.0
008 - DATOS DE LONGITUD FIJA--INFORMACIÓN GENERAL
campo de control de longitud fija 991019s1880 sp |||| | spa d
080 ## - NÚMERO DE LA CLASIFICACIÓN DECIMAL UNIVERSAL
Número de la Clasificación Decimal Universal 929 Camões, Luís de
100 1# - ENTRADA PRINCIPAL--NOMBRE DE PERSONA
Nombre de persona Vidart, Luis,
Fechas asociadas al nombre 1833-1897
Término indicativo de función/relación Autor
9 (RLIN) 114538
245 10 - MENCIÓN DEL TÍTULO
Título Camoens :
Resto del título apuntamientos biográficos /
Mención de responsabilidad, etc. por D. Luis Vidart.
260 ## - PUBLICACIÓN, DISTRIBUCIÓN, ETC.
Lugar de publicación, distribución, etc. Madrid :
Nombre del editor, distribuidor, etc. [s.n.],
Fecha de publicación, distribución, etc. 1880
Fabricante (Imp., Estereotipia y Galvanoplastia de Aribau y Cª (Suc. de Rivadeneyra)
300 ## - DESCRIPCIÓN FÍSICA
Extensión 12 páginas :
Otras características físicas 1 retrato ;
Dimensiones 28 cm.
530 ## - NOTA DISPONIBLE DE FORMULARIO FÍSICO ADICIONAL
Nota de formato físico adicional disponible Disponible en formato digital
597 ## - NOTA DE DESCRIPCIÓN FÍSICA
NOTA DE DESCRIPCIÓN FÍSICA Texto a dos columnas
599 ## - NOTA A LAS ILUSTRACIONES
NOTA A LAS ILUSTRACIONES Retrato. de Luís de Camões
600 14 - PUNTO DE ACCESO ADICIONAL DE MATERIA--NOMBRE DE PERSONA
Nombre de persona Camões, Luís de,
Fechas asociadas al nombre 1524?-1580
9 (RLIN) 181622
852 4# - LOCALIZACIÓN
Ubicación ES-MaACL
Ubicación en estantería Depósito folletos
Anotaciones manuscritas Dedicatoria autógrafa del autor
Donativo/Legado Donativo de Luis Vidart
Número de control de estantería T-390-F-15
Encuadernación Enc. en un vol. facticio
-- Holandesa
856 4# - LOCALIZACIÓN Y ACCESO ELECTRÓNICOS
Identificador Uniforme de Recursos <a href="http://bdh-rd.bne.es/viewer.vm?id=0000109940&page=1 ">http://bdh-rd.bne.es/viewer.vm?id=0000109940&page=1 </a>
Texto de enlace Versión en línea
Nota pública (Biblioteca Digital Hispánica)
942 ## - ELEMENTOS DE ENTRADA SECUNDARIOS (KOHA)
Fuente del sistema de clasificación o colocación Clasificación decimal universal
Tipo de ítem Koha Folleto
Suprimir en OPAC No
Holdings
Estatus retirado Estado de pérdida Fuente del sistema de clasificación o colocación Estado de daño No para préstamo Colección Biblioteca de origen Biblioteca actual Ubicación en estantería Fecha de adquisición Fuente de adquisición Número de control de estantería Total de préstamos Signatura topográfica completa Código de barras Visto por última vez Tipo de ítem Koha Nota pública
    Clasificación decimal universal     Colección de folletos Biblioteca del Ateneo de Madrid Biblioteca del Ateneo de Madrid Depósito folletos 17/01/2008 Donación 1   T-390-F-15 1175673 23/02/2023 Folleto Dedicatoria autógrafa del autor